<?xml version="1.0" encoding="UTF-8"?>
<record
    xmlns:xsi="http://www.w3.org/2001/XMLSchema-instance"
    xsi:schemaLocation="http://www.loc.gov/MARC21/slim http://www.loc.gov/standards/marcxml/schema/MARC21slim.xsd"
    xmlns="http://www.loc.gov/MARC21/slim">

  <leader>01192nam a2200301 i 4500</leader>
  <controlfield tag="003">DO-SdBNP</controlfield>
  <controlfield tag="005">20230718113413.0</controlfield>
  <controlfield tag="007">ta</controlfield>
  <controlfield tag="008">201208b2008    dr |||||r|||| 00| 0 spa d</controlfield>
  <datafield tag="020" ind1=" " ind2=" ">
    <subfield code="a">9789945415209</subfield>
  </datafield>
  <datafield tag="040" ind1=" " ind2=" ">
    <subfield code="a">DO-sdBNP</subfield>
    <subfield code="b">spa</subfield>
    <subfield code="c">BNPHU</subfield>
    <subfield code="e">rda</subfield>
  </datafield>
  <datafield tag="082" ind1=" " ind2="4">
    <subfield code="a">344.729301</subfield>
    <subfield code="b">H557j</subfield>
    <subfield code="2">22</subfield>
  </datafield>
  <datafield tag="100" ind1="1" ind2=" ">
    <subfield code="a">Hern&#xE1;ndez Contreras, Carlos</subfield>
    <subfield code="9">17540</subfield>
  </datafield>
  <datafield tag="245" ind1="1" ind2="0">
    <subfield code="a">Jurisprudencia laboral dominicana durante el siglo XX  y glosario de temas para b&#xFA;squedas en el c&#xF3;digo de trabajo /</subfield>
    <subfield code="c">Carlos Hern&#xF3;ndez Contreras ; pr&#xF3;logo Alex&#xE1;nder God&#xED;nez Vargas</subfield>
  </datafield>
  <datafield tag="264" ind1=" " ind2=" ">
    <subfield code="a">Santo Domingo :</subfield>
    <subfield code="b">PUCMM,</subfield>
    <subfield code="c">2008.</subfield>
  </datafield>
  <datafield tag="300" ind1=" " ind2=" ">
    <subfield code="a">332 p&#xE1;ginas ;</subfield>
    <subfield code="c">21 cm.</subfield>
  </datafield>
  <datafield tag="336" ind1=" " ind2=" ">
    <subfield code="2">rdacontent</subfield>
    <subfield code="a">texto</subfield>
    <subfield code="b">txt</subfield>
  </datafield>
  <datafield tag="337" ind1=" " ind2=" ">
    <subfield code="2">rdamedia</subfield>
    <subfield code="a">sin mediaci&#xF3;n</subfield>
    <subfield code="b">n</subfield>
  </datafield>
  <datafield tag="338" ind1=" " ind2=" ">
    <subfield code="2">rdacarrier</subfield>
    <subfield code="a">volumen</subfield>
    <subfield code="b">nc</subfield>
  </datafield>
  <datafield tag="590" ind1=" " ind2=" ">
    <subfield code="a">Inventariado, 2023/BT</subfield>
  </datafield>
  <datafield tag="650" ind1=" " ind2="4">
    <subfield code="a">Derecho laboral </subfield>
    <subfield code="z">Rep&#xFA;blica Dominicana</subfield>
    <subfield code="y">Siglo XX</subfield>
    <subfield code="9">83780</subfield>
  </datafield>
  <datafield tag="650" ind1=" " ind2="4">
    <subfield code="a">Legislaci&#xF3;n laboral</subfield>
    <subfield code="z">Rep&#xFA;blica Dominicana</subfield>
    <subfield code="9">11733</subfield>
  </datafield>
  <datafield tag="700" ind1="1" ind2=" ">
    <subfield code="a">God&#xED;nez Vargas , Alexander,</subfield>
    <subfield code="e">pr&#xF3;logo</subfield>
    <subfield code="9">77547</subfield>
  </datafield>
  <datafield tag="710" ind1="2" ind2=" ">
    <subfield code="a">Organizaci&#xF3;n Internacional del Trabajo</subfield>
    <subfield code="9">77039</subfield>
  </datafield>
  <datafield tag="710" ind1="2" ind2=" ">
    <subfield code="a">Pontificia Unversidad Catolica Madre Maestra </subfield>
    <subfield code="9">83781</subfield>
  </datafield>
  <datafield tag="910" ind1=" " ind2=" ">
    <subfield code="a">Validado. Control de calidad MFF</subfield>
  </datafield>
  <datafield tag="942" ind1=" " ind2=" ">
    <subfield code="2">ddc</subfield>
    <subfield code="c">LBS1</subfield>
  </datafield>
  <datafield tag="952" ind1=" " ind2=" ">
    <subfield code="0">0</subfield>
    <subfield code="1">0</subfield>
    <subfield code="2">ddc</subfield>
    <subfield code="5">1</subfield>
    <subfield code="7">0</subfield>
    <subfield code="8">PD</subfield>
    <subfield code="a">BNPHU</subfield>
    <subfield code="b">BNPHU</subfield>
    <subfield code="c">HD</subfield>
    <subfield code="d">2019-04-12</subfield>
    <subfield code="e">Donado por Copardom 12/4/2019</subfield>
    <subfield code="o">BNPHU PD 344.729301 H557j</subfield>
    <subfield code="p">49262</subfield>
    <subfield code="r">2020-12-08</subfield>
    <subfield code="w">2020-12-08</subfield>
    <subfield code="y">LBS1</subfield>
  </datafield>
  <datafield tag="952" ind1=" " ind2=" ">
    <subfield code="0">0</subfield>
    <subfield code="1">0</subfield>
    <subfield code="2">ddc</subfield>
    <subfield code="5">1</subfield>
    <subfield code="7">0</subfield>
    <subfield code="8">PD</subfield>
    <subfield code="a">BNPHU</subfield>
    <subfield code="b">BNPHU</subfield>
    <subfield code="c">HD</subfield>
    <subfield code="d">2019-04-12</subfield>
    <subfield code="e">Donado por Copardom 12/4/2019</subfield>
    <subfield code="o">BNPHU PD 344.729301 H557j</subfield>
    <subfield code="p">49262-20</subfield>
    <subfield code="r">2020-12-08</subfield>
    <subfield code="t">e.2</subfield>
    <subfield code="w">2020-12-08</subfield>
    <subfield code="y">LBS1</subfield>
  </datafield>
  <datafield tag="952" ind1=" " ind2=" ">
    <subfield code="0">0</subfield>
    <subfield code="1">0</subfield>
    <subfield code="2">ddc</subfield>
    <subfield code="5">6</subfield>
    <subfield code="7">0</subfield>
    <subfield code="8">DS</subfield>
    <subfield code="a">BNPHU</subfield>
    <subfield code="b">BNPHU</subfield>
    <subfield code="c">HD</subfield>
    <subfield code="d">2019-04-12</subfield>
    <subfield code="e">Donado por Copardom 12/4/2019</subfield>
    <subfield code="o">BNPHU DS  344.729301 H557j</subfield>
    <subfield code="p">49262-30</subfield>
    <subfield code="r">2020-12-08</subfield>
    <subfield code="t">e.3</subfield>
    <subfield code="w">2020-12-08</subfield>
    <subfield code="y">LBS1</subfield>
  </datafield>
  <datafield tag="952" ind1=" " ind2=" ">
    <subfield code="0">0</subfield>
    <subfield code="1">0</subfield>
    <subfield code="2">ddc</subfield>
    <subfield code="5">6</subfield>
    <subfield code="7">0</subfield>
    <subfield code="8">DS</subfield>
    <subfield code="a">BNPHU</subfield>
    <subfield code="b">BNPHU</subfield>
    <subfield code="c">HD</subfield>
    <subfield code="d">2020-12-08</subfield>
    <subfield code="e">Donado por Copardom 12/4/2019</subfield>
    <subfield code="o">BNPHU DS 344.729301 H557j</subfield>
    <subfield code="p">49262-40</subfield>
    <subfield code="r">2020-12-08</subfield>
    <subfield code="t">e.4</subfield>
    <subfield code="w">2020-12-08</subfield>
    <subfield code="y">LBS1</subfield>
  </datafield>
  <datafield tag="952" ind1=" " ind2=" ">
    <subfield code="0">0</subfield>
    <subfield code="1">0</subfield>
    <subfield code="2">ddc</subfield>
    <subfield code="5">6</subfield>
    <subfield code="7">0</subfield>
    <subfield code="8">DS</subfield>
    <subfield code="a">BNPHU</subfield>
    <subfield code="b">BNPHU</subfield>
    <subfield code="c">HD</subfield>
    <subfield code="d">2019-04-12</subfield>
    <subfield code="e">Donado por Copardom 12/4/2019</subfield>
    <subfield code="o">BNPHU DS 344.729301 H557j</subfield>
    <subfield code="p">49262-50</subfield>
    <subfield code="r">2020-12-11</subfield>
    <subfield code="t">e.5</subfield>
    <subfield code="w">2020-12-11</subfield>
    <subfield code="y">LBS1</subfield>
  </datafield>
  <datafield tag="999" ind1=" " ind2=" ">
    <subfield code="c">49262</subfield>
    <subfield code="d">49262</subfield>
  </datafield>
</record>
